<An> Optimal linear income tax with a subsidy on housing

Guardado en:
Detalles Bibliográficos
Autor principal: Perrote, Irene
Formato: Capítulo de libro
Lenguaje:inglés
Materias:
Etiquetas: Agregar Etiqueta
Sin Etiquetas, Sea el primero en etiquetar este registro!

MARC

LEADER 00000naa$a2200000$$$4500
001 0051690
005 20231010110241.9
041 0 |a eng 
044 |a CZ 
245 1 0 |a <An> Optimal linear income tax with a subsidy on housing  |c Irene Perrote 
610 2 0 |a dane z príjmov 
610 2 0 |a dane lineárne 
610 2 0 |a dotácie štátne 
610 2 0 |a subvencie 
610 2 0 |a bývanie 
610 2 0 |a modely 
100 1 |a Perrote, Irene